Statistiken für Städte in Liedern

Klicken Sie hier um das Quiz zu spielen!

Allgemein

  • Dieses Quiz wurde 199 mal gespielt
    (197 seit der letzten Aktualisierung)
  • Das Durchschnittsergebnis liegt bei 6 aus 18

Antwortstatistiken

Stadt% Korrekt
Wien
81%
Kalkutta
65%
Paris
63%
Fürstenfeld
56%
New York
54%
London
44%
Tokyo
40%
Rio
32%
Graz
25%
Athen
21%
Toronto
19%
Kairo
16%
Shanghai
14%
Stinatz
14%
Basel
13%
Sinabelkirchen
12%
Tucson
12%
Vegas
10%

Verteilung der Resultate

Perzentil nach korrekt beantworteten Fragen

Anzahl Personen mit jedem Resultat

Ihre Resultats-Entwicklung

Sie haben dieses Quiz seit der letzten Aktualisierung nicht gespielt